Le Ultime Avventure Dell'infallibile Sherlock Holmes Vari racconti

সংরক্ষণ করুন:
গ্রন্থ-পঞ্জীর বিবরন
প্রধান লেখক: Sir Arthur Conan Doyle
বিন্যাস: গ্রন্থ
ভাষা:অজানা বা ভুল ভাষা
প্রকাশিত: Arnoldo Mondatori
ট্যাগগুলো: ট্যাগ যুক্ত করুন
কোনো ট্যাগ নেই, প্রথমজন হিসাবে ট্যাগ করুন!

MARC

LEADER 00000nam a2200000Ia 4500
001 R-1199
003 CODICE-MESSINA
005 20260212102504.0
008 260211s9999 xx 000 0 und d
040 |c importazione_messina 
100 |a Sir Arthur Conan Doyle 
245 0 |a Le Ultime Avventure Dell'infallibile Sherlock Holmes 
245 0 |b Vari racconti 
260 |b Arnoldo Mondatori 
942 |2 ddc  |c BK 
952 |0 0  |1 0  |2 ddc  |4 0  |6 SCAFFALE_11_000000000000000__ROMANZI  |7 0  |9 32031  |a ME  |b ME  |d 2026-02-11  |l 0  |o SCAFFALE 11 - ROMANZI  |p R-1199  |r 2026-02-11 23:52:55  |w 2026-02-11  |x [REVISIONARE]  |y BK 
999 |c 27698  |d 27698